000 00341nam a22001457a 4500
020 _a9789698611170
082 _a491.42 SAF
100 _aSafdar, Ali Shah Dr.
245 _aPunjabi Grammar
260 _aIslamabad
_bNUST Publishing
_c2015
300 _axx, 167 p.
500 _aIncludes index
650 _a1. Grammar Punjabi
942 _cBK
999 _c13581
_d13581